Countries with more than 2 'A's in their name: - Statistics

General Stats
  • This quiz has been taken 87 times
    67 since last reset
  • The average score is 20 of 28
Answer Stats
Hint Answer % Correct
Oceania Australia
95%
N. America Canada
93%
N. America Antigua and Barbuda
87%
N. America Bahamas
84%
N. America Panama
84%
Asia Afghanistan
82%
N. America United States of America
80%
S. America Paraguay
78%
N. America Saint Vincent and the Grenadines
78%
Asia Azerbaijan
75%
Asia Kazakhstan
73%
Africa Madagascar
73%
Europe Albania
71%
Oceania Marshall Islands
71%
N. America Nicaragua
71%
N. America Guatemala
69%
N. America Jamaica
69%
Oceania Papua New Guinea
69%
Europe Bosnia and Herzegovina
67%
Africa Central African Republic
67%
N. America Trinidad and Tobago
67%
Asia United Arab Emirates
65%
Oceania Federated States of Micronesia
62%
Asia Malaysia
62%
Africa Mauritania
62%
Asia Saudi Arabia
62%
Africa Tanzania
60%
Africa Equatorial Guinea
36%
No matching quizzes found
Score Distribution
Percent of People with Each Score
Percentile by Number Answered
Your Score History
You have not taken this quiz since the last reset